El agua, espejo de los pueblos : (Record no. 149086)

MARC details
000 -CABECERA
campo de control de longitud fija 00837nam a2200217 u 4500
005 - FECHA Y HORA DE LA ÚLTIMA TRANSACCIÓN
campo de control 20241113063736.0
008 - ELEMENTOS DE LONGITUD FIJA--INFORMACIÓN GENERAL
campo de control de longitud fija 100624s2004 mx r 000 0 spa d
020 ## - NÚMERO INTERNACIONAL NORMALIZADO PARA LIBROS
Número Internacional Estándar del Libro 9707223219
035 ## - NÚMERO DE CONTROL DEL SISTEMA
Número de control de sistema UPN01000176983
049 ## - COLECCIÓN
Colección CG
050 #4 - SIGNATURA TOPOGRÁFICA DE LA BIBLIOTECA DEL CONGRESO
Número de clasificación HA1696 M6
Número de documento/Ítem A3.8
245 03 - MENCIÓN DE TÍTULO
Título El agua, espejo de los pueblos :
Resto del título ensayo de ecología política sobre la crisis del agua en México en el umbral del milenio /
Mención de responsabilidad, etc. coord. Jaime Peña Ramírez.
260 ## - PUBLICACIÓN, DISTRIBUCIÓN, ETC.
Lugar de publicación, distribución, etc. México :
Nombre del editor, distribuidor, etc. Plaza y Valdés ;
-- UNAM, Facultad de Estudios Superiores-Acatlán,
Fecha de publicación, distribución, etc. 2004.
300 ## - DESCRIPCIÓN FÍSICA
Extensión 294 p. :
Otras características físicas gráfs.
440 #0 - MENCIÓN DE SERIE/ASIENTO SECUNDARIO--TÍTULO
Título Ecología
650 #2 - ASIENTO SECUNDARIO DE MATERIA - TERMINO TEMATICO
Término de materia o nombre geográfico como elemento de entrada Abastecimiento de agua
Subdivisión general Aspectos políticos
Subdivisión geográfica México
9 (RLIN) 16448
650 #4 - ASIENTO SECUNDARIO DE MATERIA - TERMINO TEMATICO
Término de materia o nombre geográfico como elemento de entrada CALIDAD DEL AGUA -
Subdivisión general CONTROL
9 (RLIN) 12510
651 #4 - ASIENTO SECUNDARIO DE MATERIA - NOMBRE GEOGRAFICO
Nombre geográfico México
Subdivisión general Política y gobierno
Subdivisión cronológica 1988-
9 (RLIN) 5575
700 1# - ASIENTO SECUNDARIO--NOMBRE DE PERSONAL
Nombre de persona Peña Ramírez, Jaime,
Término indicativo de función/relación coord.
905 ## - TIPO DE MATERIAL
Tipo de material Libro
Holdings
Estado de retiro Estado de pérdida Fuente del sistema de clasificación o colocación Estado dañado No para préstamo Código de colección Localización permanente Ubicación/localización actual Ubicación en estantería Total de préstamos Clasificación Código de barras Fecha visto por última vez Número de copia Tipo de ítem Koha
    Library of Congress Classification     Colección General Bib. Gregorio Torres Quintero Bib. Gregorio Torres Quintero Planta baja   HA1696 M6 A3.8 273537 31/12/2020 1 Libro